00783nam a22002057a 4500003000900000008004100009040007100050082003100121100001700152245003500169260003400204300002800238440002700266505017500293650001700468650001800485650001100503650002300514700004000537AR-CdUCM190307b ||||| |||| 00| 0 spa d aMUNICIPALIDAD PROVINCIAL DEL CUSCOcBIBLIOTECA MUNICIPAL DEL CUSCO 23ed.a374.37 /bP52 / 1950 aPiaget, Jean aLa autonomía en la escuela / aBueno Aires :bLosada,c1950. a180 páginas ;c19 cm. aLa escuela activan15 aContenido : Observaciones psicológicas sobre la autonomía escolar -- La autonomía en la escuela, por J, Heller -- Origen e historia de la autonomía escolar ...  aEducación. aPsicología. aMoral. aEducación moral. aNavarro de Luzuriaga, María Luisa